|
|
|
|
| LEADER |
01816nam a2200493 a 4500 |
| 001 |
nkc20091929162 |
| 003 |
CZ PrNK |
| 005 |
20190119235015.0 |
| 007 |
ta |
| 008 |
090511s2009 xr a e f 001 0 cze |
| 015 |
|
|
|a cnb001929162
|
| 020 |
|
|
|a 978-80-7252-252-1
|q (váz.)
|
| 035 |
|
|
|a (OCoLC)428368047
|
| 040 |
|
|
|a ABA001
|b cze
|
| 072 |
|
7 |
|a 612
|x Fyziologie člověka a srovnávací fyziologie
|2 Konspekt
|9 14
|
| 080 |
|
|
|a 37.01:784.9
|2 MRF
|
| 080 |
|
|
|a 784.9
|2 MRF
|
| 080 |
|
|
|a 612.78
|2 MRF
|
| 080 |
|
|
|a 612
|2 MRF
|
| 080 |
|
|
|a 616.22-008.5
|2 MRF
|
| 080 |
|
|
|a (035)
|2 MRF
|
| 100 |
1 |
|
|a Vydrová, Jitka,
|d 1957-
|7 mzk2009512640
|4 aut
|
| 245 |
1 |
0 |
|a Rady ke zpívání, aneb, Co může zpěvákům poradit odborný lékař /
|c Jitka Vydrová
|
| 246 |
3 |
0 |
|a Co může zpěvákům poradit odborný lékař
|
| 250 |
|
|
|a Vyd. 1.
|
| 260 |
|
|
|a Praha :
|b Práh,
|c 2009
|
| 300 |
|
|
|a 159 s. :
|b barev. il. ;
|c 22 cm
|
| 504 |
|
|
|a Obsahuje bibliografii a rejstřík
|
| 650 |
0 |
7 |
|a pěvecká pedagogika
|7 ph311288
|2 czenas
|
| 650 |
0 |
7 |
|a zpěv
|7 ph127679
|x fyziologické aspekty
|2 czenas
|
| 650 |
0 |
7 |
|a hlas
|7 ph120748
|x fyziologické aspekty
|2 czenas
|
| 650 |
0 |
7 |
|a poruchy hlasu
|7 ph137876
|2 czenas
|
| 650 |
0 |
9 |
|a singing education
|2 eczenas
|
| 650 |
0 |
9 |
|a singing
|x physiologic aspects
|2 eczenas
|
| 650 |
0 |
9 |
|a voice
|x physiological aspects
|2 eczenas
|
| 650 |
0 |
9 |
|a voice disorders
|2 eczenas
|
| 655 |
|
7 |
|a příručky
|7 fd133209
|2 czenas
|
| 655 |
|
9 |
|a handbooks and manuals
|2 eczenas
|
| 856 |
4 |
1 |
|u http://www.digitalniknihovna.cz/mzk/uuid/uuid:604f57a0-ed71-11e8-a5a4-005056827e52
|y Digitalizovaný dokument
|x NDK
|
| 910 |
2 |
|
|a BOA001
|b 2-1223.827
|
| 990 |
|
|
|a BK
|
| 995 |
|
|
|a 01
|
| 991 |
|
|
|b 200906
|c NOV
|j 612 VYD
|
| 996 |
6 |
|
|b 2610378778
|c 2-1223.827
|l MZK
|r Sklad / do 1 hodiny
|n 30
|p p.v.
|w 000938003
|u 000010
|a 1
|e BOA001
|j MZK50
|s P
|